Statistiques concernant Coupe du Monde de Football (Hommes), les pays invaincus sur une édition.

Cliquez ici pour prendre le quiz!

Statistiques générales

  • Ce quiz a été pris 1 636 fois
    (597 depuis la dernière actualisation)
  • Le résultat moyen est 30 sur 38

Statistiques - réponses

AnnéePerformancePays% Correct
1998VainqueurFrance
100%
2006FinalisteFrance
100%
2018VainqueurFrance
100%
1986Quarts de finaleBrésil
99%
1970VainqueurBrésil
99%
1994VainqueurBrésil
99%
1978TroisièmeBrésil
99%
2002VainqueurBrésil
99%
1962VainqueurBrésil
99%
1958VainqueurBrésil
99%
2014VainqueurAllemagne
98%
1990VainqueurAllemagne de l'Ouest
98%
2006VainqueurItalie
97%
1938VainqueurItalie
97%
1982VainqueurItalie
97%
1998Quarts de finaleItalie
97%
1934VainqueurItalie
97%
1990TroisièmeItalie
97%
2006Quarts de finaleArgentine
95%
1986VainqueurArgentine
95%
1950VainqueurUruguay
94%
1930VainqueurUruguay
94%
2006Quarts de finaleAngleterre
90%
19822ème phase de groupesAngleterre
90%
1966VainqueurAngleterre
90%
20181/8èmes de finaleEspagne
86%
2002Quarts de finaleEspagne
86%
2022Quarts de finalePays-Bas
80%
2014TroisièmePays-Bas
79%
1998Phase de groupesBelgique
65%
20061/8èmes de finaleSuisse
46%
1986Quarts de finaleMexique
40%
20181/8èmes de finaleDanemark
38%
2014Quarts de finaleCosta Rica
25%
20021/8èmes de finaleIrlande
20%
19821ère phase de groupesCameroun
16%
19741ère phase de groupesÉcosse
12%
2010Phase de groupesNouvelle-Zélande
7%

Distribution des résultats

Percentile par nombre de réponses

% des personnes avec chaque résultat

Votre développement - résultats

Vous n’avez pas pris ce quiz depuis la dernière actualisation